000 00457 a2200181 4500
003 Nust
005 20230529122053.0
010 _a42005685
040 _cNust
082 _a808.83,GIB
100 _aGibbs, Philip,
_9112582
245 _aThe long alert/
_ba novel by Philip Gibbs
260 _aLondon and Melbourne
_bHutchinson & co. ltd
_c1941
300 _a223 p
_b19 cm
600 _aGibbs, Philip,
_9112582
650 _aNovel
_92525
942 _2ddc
_cBK
999 _c186861
_d186861